000 00491nam a2200205Ia 4500
005 20250508164507.0
008 008 250505s9999 xx 000 0 eng d
037 _aTextual
040 _aFEDL
_beng
_cFEDL
041 _aeng
_2eng
084 _a306.44, HUD
_qFEDL
100 _aHudson R A
245 0 _aSociolinguistics
250 _a2nd
260 _c1980
300 _axv,279p.
365 _aGBP
_b14.95
942 _cTEXL
_h306.44, HUD
999 _c1389404
_d1389404